| 000 | 00000nas 2200000za 4500 |
| 001 | 9.813512 |
| 003 | CaOODSP |
| 005 | 20250516115700 |
| 007 | cr ||||||||||| |
| 008 | 160322c20149999oncar p os f0 |0eng|d |
| 022 | |a2562-8763|y1925-3796 |
| 040 | |aCaOODSP|beng |
| 043 | |an-cn--- |
| 086 | 1 |aA71-40E-PDF |
| 245 | 00|aStatistical overview of the Canadian maple industry |h[electronic resource]. |
| 260 | |aOttawa : |bAgriculture and Agri-Food Canada, |c2014- |
| 310 | |aAnnual |
| 362 | 1 |aBegan with: 2012. |
| 500 | |aIssued also in French under title: Aperçu statistique de l'industrie de l'érable au Canada. |
| 550 | |aPrepared 2012-2017 by Market Analysis and Information Section, Horticulture and Cross Sectoral Division; 2018- by Crops and Horticulture Division. |
| 692 | 07|2gccst|aMaple products |
| 692 | 07|2gccst|aAgricultural statistics |
| 710 | 1 |aCanada. |bAgriculture and Agri-Food Canada. |bMarket Analysis and Information Section. |
| 775 | 08|tAperçu statistique de l'industrie de l'érable au Canada |w(CaOODSP)9.813524 |